| 000 | 00412 a2200133 4500 | ||
|---|---|---|---|
| 999 |
_c369464 _d369464 |
||
| 003 | NUST | ||
| 038 | _awaseem | ||
| 082 |
_a891.733 _bDOS |
||
| 100 |
_aDostoevsky,F. _921462 |
||
| 245 | _aBrothers Karamazov : The Constance Garnett Translation Revised by Ralph E. Matlaw Backgrounds and Sources Essays in Criticism | ||
| 260 |
_aNew York : _bW.W. Norton & Company, _c1976. |
||
| 300 | _a887 p. ; | ||
| 942 |
_cBK _2ddc |
||